1584 1456 1128 1289 1786 1515 1288 1901 1841 1464 1770 1812 1775 1551 1682 1331 1335 2000 1170 1267 1253 1998 1505 1321 1781 1163 1793 1028 1979 1775 1514 1925 1895 1313 1213 1020 1362 1009 1918 1213 1116 1248 1351 1476 1856 1990 1358 1219 1840 1317 1112 1521 1356 1342 1860 1972 1932 1885 1496 1613 1612 1722 1517 1222 1473 1410 1878 1059 1460 1508 1958 1296 1699 1172 1542 1547 1388 1124 1209 1262 1887 1267 1603 1998 1729 1383 1985 1576 1861 1879 1534 1557 1694 1828 1027 1586 1762 1678 1180 BCNSPRNW ULIB Ver.6.0+V

เปลี่ยนเป็นภาษาไทย

Change to English
 แสดงรายละเอียดบรรณานุกรม
  กลับหน้าหลัก

Brief Record : Get Marc (ISO 2709) : E-mail record : QR code < ปิดหน้าต่าง
LEADER : 00000nam 2200000uu 4500
001    13399126979
003     ULIB
008    190923s2562||||th 000 0 tha d
020    ^a9786163142658
060    ^aWT100^bพ993ก
100    ^aไพลวรรณ สัทธานนท์
245    ^aกายภาพบำบัดในผู้สูงอายุ (Physical Therapy for Older People)
250    ^aพิมพ์ครั้งที่ 1
260    ^aปทุมธานี :^bมหาวิทยาลัยธรรมศาสตร์,^c2562
300    ^a97 หน้า^bภาพประกอบ, ตาราง, ภาคผนวก
650    ^aผู้สูงอายุ^xสุขภาพและอนามัย
650    ^aกายภาพบำบัด
945    ^p65^l0^i006058
945    ^p65^l0^i006059
945    ^p65^l0^i006057
945    ^p65^l0^i006053
945    ^p65^l0^i006062
945    ^p65^l0^i006061
945    ^p65^l0^i006055
945    ^p65^l0^i006056
945    ^p65^l0^i006054
945    ^p65^l0^i006060
999    ^aประนอม เกษจรัล
รายการนี้ยังไม่มีแท็ก
คุณยังไม่ได้ล็อกอิน คุณสามารถมีกิจกรรมร่วมกับเว็บไซต์ได้ แต่ต้องล็อกอินก่อน ::
  ล็อกอิน

รายการสื่อสารสนเทศ

ลำดับที่ ประเภท เลขเรียก/บาร์โค้ด สถานที่ สถานะ
1. วิทยาศาสตร์การแพทย์ และสุขภาพ
หนังสือสำรอง
สถานะ=หนังสือสำรอง
WT100 พ993ก ฉ.1 
  Barcode: 006053
ห้องสมุดวิทยาเขตสวรรค์ประชารักษ์
►หนังสือทั่วไป
บนชั้น
2. วิทยาศาสตร์การแพทย์ และสุขภาพ
วิทยาศาสตร์การแพทย์ และสุขภาพ
WT100 พ993ก ฉ.10 
  Barcode: 006062
ห้องสมุดวิทยาเขตสวรรค์ประชารักษ์
►หนังสือทั่วไป
บนชั้น
3. วิทยาศาสตร์การแพทย์ และสุขภาพ
วิทยาศาสตร์การแพทย์ และสุขภาพ
WT100 พ993ก ฉ.2 
  Barcode: 006054
ห้องสมุดวิทยาเขตสวรรค์ประชารักษ์
►หนังสือทั่วไป
บนชั้น
4. วิทยาศาสตร์การแพทย์ และสุขภาพ
วิทยาศาสตร์การแพทย์ และสุขภาพ
WT100 พ993ก ฉ.3 
  Barcode: 006055
ห้องสมุดวิทยาเขตสวรรค์ประชารักษ์
►หนังสือทั่วไป
บนชั้น
5. วิทยาศาสตร์การแพทย์ และสุขภาพ
วิทยาศาสตร์การแพทย์ และสุขภาพ
WT100 พ993ก ฉ.4 
  Barcode: 006056
ห้องสมุดวิทยาเขตสวรรค์ประชารักษ์
►หนังสือทั่วไป
บนชั้น
6. วิทยาศาสตร์การแพทย์ และสุขภาพ
วิทยาศาสตร์การแพทย์ และสุขภาพ
WT100 พ993ก ฉ.5 
  Barcode: 006057
ห้องสมุดวิทยาเขตสวรรค์ประชารักษ์
►หนังสือทั่วไป
บนชั้น
7. วิทยาศาสตร์การแพทย์ และสุขภาพ
วิทยาศาสตร์การแพทย์ และสุขภาพ
WT100 พ993ก ฉ.6 
  Barcode: 006058
ห้องสมุดวิทยาเขตสวรรค์ประชารักษ์
►หนังสือทั่วไป
บนชั้น
8. วิทยาศาสตร์การแพทย์ และสุขภาพ
วิทยาศาสตร์การแพทย์ และสุขภาพ
WT100 พ993ก ฉ.7 
  Barcode: 006059
ห้องสมุดวิทยาเขตสวรรค์ประชารักษ์
►หนังสือทั่วไป
บนชั้น
9. วิทยาศาสตร์การแพทย์ และสุขภาพ
วิทยาศาสตร์การแพทย์ และสุขภาพ
WT100 พ993ก ฉ.8 
  Barcode: 006060
ห้องสมุดวิทยาเขตสวรรค์ประชารักษ์
►หนังสือทั่วไป
บนชั้น
10. วิทยาศาสตร์การแพทย์ และสุขภาพ
วิทยาศาสตร์การแพทย์ และสุขภาพ
WT100 พ993ก ฉ.9 
  Barcode: 006061
ห้องสมุดวิทยาเขตสวรรค์ประชารักษ์
►หนังสือทั่วไป
บนชั้น

รายการใกล้เคียง
    ชื่อเรื่อง [กายภาพบำบัดในผู้สูงอายุ (Physical Therapy for Older People)]

    ผู้แต่ง [ไพลวรรณ สัทธานนท์]

    หัวเรื่อง [กายภาพบำบัด]

BibComment


ยังไม่เคยถูกคอมเมนท์

คอมเมนท์ทรัพยากรรายการนี้
  คอมเมนท์: กายภาพบำบัดในผู้..


 Copyright 2026. Bcnsprnw @Library